Statistics for Name all the Little Alchemy 2 elements

Click here to take the quiz!

General Stats

  • This quiz has been taken 292 times
  • The average score is 150 of 830

Answer Stats

#Answers% Correct
263fire
80%
230earth
77%
5air
73%
795water
73%
808wind
60%
365house
57%
452meat
57%
504ocean
57%
645sea
57%
366human
53%
151city
50%
592Ra
50%
6airplane
47%
115car
47%
208dog
47%
628sand
47%
242energy
43%
420life
43%
421light
43%
594rain
43%
712stone
43%
761tree
43%
18animal
40%
122cat
40%
254family
40%
432love
40%
456metal
40%
719sun
40%
16angel
37%
68bicycle
37%
69big
37%
91brick
37%
155cloud
37%
179cow
37%
231earthquake
37%
238electricity
37%
346heat
37%
404lake
37%
406land
37%
447mars
37%
481mountain
37%
573pond
37%
586puddle
37%
671small
37%
702star
37%
706steam
37%
748time
37%
782village
37%
63bee
33%
71bird
33%
98bus
33%
161cold
33%
163computer
33%
200desert
33%
227dust
33%
268firetruck
33%
297galaxy
33%
313glass
33%
318gold
33%
333gun
33%
392jupiter
33%
425lightning
33%
454mercury
33%
472Monster
33%
565planet
33%
567plant
33%
608Roc
33%
689solar system
33%
692space
33%
713storm
33%
727swamp
33%
732sword
33%
773universe
33%
781venus
33%
790wall
33%
11alien
30%
75blade
30%
168continent
30%
233egg
30%
249explosion
30%
265firefighter
30%
271fish
30%
295fruit
30%
298galaxy cluster
30%
300garden
30%
334gunpowder
30%
371ice
30%
400knife
30%
426lion
30%
473moon
30%
554pig
30%
580pressure
30%
604river
30%
667sky
30%
752tool
30%
786volcano
30%
805wheel
30%
814witch
30%
818wood
30%
829zombie
30%
2acid rain
27%
9alcohol
27%
20ant
27%
74black hole
27%
89box
27%
100butter
27%
135cheese
27%
137chicken
27%
152clay
27%
156coal
27%
169cook
27%
195dawn
27%
196day
27%
203dinosaur
27%
207doctor
27%
246evil
27%
283forest
27%
293frog
27%
299garage
27%
314glasses
27%
320good
27%
322grass
27%
329grenade
27%
342hangar
27%
360horse
27%
377idea
27%
409lava
27%
415legend
27%
460milk
27%
479motorcycle
27%
483mountain range
27%
498night
27%
502oasis
27%
541pebble
27%
550philosophy
27%
568plasma
27%
581primordial soup
27%
595rainbow
27%
609rock
27%
621safe
27%
637saturn
27%
640science
27%
655shark
27%
677snake
27%
678snow
27%
10algae
23%
12allergy
23%
23anthill
23%
36atmosphere
23%
41axe
23%
46bacteria
23%
52bank
23%
61beach
23%
62beaver
23%
66beer
23%
80boat
23%
82bone
23%
84book
23%
87boulder
23%
101butterfly
23%
153clock
23%
167container
23%
177cotton
23%
193dam
23%
215double rainbow!
23%
217dragon
23%
223duck
23%
243engineer
23%
277flower
23%
316goat
23%
344hay
23%
372ice cream
23%
380internet
23%
401knight
23%
436machine
23%
457meteor
23%
466mist
23%
478motion
23%
486mud
23%
488music
23%
501nuts
23%
505oil
23%
520paint
23%
528paper
23%
543pencil
23%
576post office
23%
606robot
23%
610rocket
23%
634sandwich
23%
652seed
23%
661sickness
23%
674smoke
23%
683snowman
23%
697spider
23%
708steamboat
23%
709steel
23%
714story
23%
715stream
23%
722sunflower
23%
729swim goggles
23%
730swimmer
23%
767turtle
23%
768twilight
23%
770ufo
23%
777vampire
23%
796water gun
23%
803werewolf
23%
813wire
23%
815wizard
23%
816wolf
23%
830zoo
23%
7alarm clock
20%
8alchemist
20%
13alligator
20%
15ambulance
20%
17angler
20%
37atomic bomb
20%
38aurora
20%
47baker
20%
56bat
20%
77blizzard
20%
81boiler
20%
93broom
20%
106cake
20%
110campfire
20%
111candle
20%
129chain
20%
130chainsaw
20%
134charcoal
20%
141chill
20%
145chocolate
20%
146chocolate milk
20%
171cookie
20%
175corpse
20%
182crystal ball
20%
197death
20%
202diamond
20%
216dough
20%
220drunk
20%
225dune
20%
253fairy tale
20%
262field
20%
284fork
20%
290frankenstein's monster
20%
304gas
20%
323grave
20%
332grim reaper
20%
338ham
20%
343harp
20%
345hay bale
20%
350helicopter
20%
354hill
20%
368hurricane
20%
381island
20%
391juice
20%
405lamp
20%
407laptop
20%
414leather
20%
423light sword
20%
427liquid
20%
428little alchemy
20%
443manatee
20%
482mountain goat
20%
484mouse
20%
496net
20%
510Orc
20%
515ostrich
20%
535pasta
20%
540peat
20%
551phoenix
20%
553pie
20%
571polar bear
20%
572pollen
20%
588pyramid
20%
603ring
20%
605rivulet
20%
613rope
20%
614rose
20%
633sandstorm
20%
641scissors
20%
642scorpion
20%
644scythe
20%
646seagull
20%
651seaweed
20%
656sheep
20%
673smog
20%
679snow globe
20%
688solar cell
20%
690solid
20%
694spaceship
20%
696sphinx
20%
698spoon
20%
699spotlight
20%
718sugar
20%
725surfer
20%
731swimming pool
20%
733swordfish
20%
743the one ring
20%
754tornado
20%
757train
20%
765tsunami
20%
778vase
20%
780vegetable
20%
792warmth
20%
794watch
20%
800wave
20%
801wax
20%
804wheat
20%
810windmill
20%
812wine
20%
826yogurt
20%
827Zeus
20%
1Achilles
17%
22antarctica
17%
21ant farm
17%
25apron
17%
28archipelago
17%
30armadillo
17%
31armor
17%
33ash
17%
34astronaut
17%
48bakery
17%
54barn
17%
59bayonet
17%
76blender
17%
90bread
17%
95bullet
17%
99butcher
17%
104cactus
17%
105cage
17%
109camel
17%
114canvas
17%
118carrot
17%
120cashmere
17%
121castle
17%
124cauldron
17%
125cave
17%
126caviar
17%
127centaur
17%
136cheeseburger
17%
138chicken coop
17%
143chimney
17%
166constellation
17%
173cookie dough
17%
181crow
17%
190cyborg
17%
194darkness
17%
198Deity
17%
199Demon
17%
211domestication
17%
213don quixote
17%
219drum
17%
224duckling
17%
229eagle
17%
236electric eel
17%
237electrician
17%
255family tree
17%
256farm
17%
273flamethrower
17%
275flood
17%
279flying fish
17%
282force knight
17%
286fossil
17%
294frozen yogurt
17%
307ghost
17%
310gingerbread house
17%
311gingerbread man
17%
312glacier
17%
319golem
17%
324gravestone
17%
325graveyard
17%
327greenhouse
17%
336hacker
17%
337hail
17%
339hamburger
17%
353hero
17%
355hippo
17%
358honey
17%
362hospital
17%
363hot chocolate
17%
373ice cream truck
17%
378igloo
17%
411lawn
17%
413leaf
17%
419library
17%
422light bulb
17%
424lighthouse
17%
429livestock
17%
430lizard
17%
433lumberjack
17%
435mac and cheese
17%
442mailman
17%
440mail truck
17%
444map
17%
453medusa
17%
455mermaid
17%
461milk shake
17%
464minotaur
17%
468mold
17%
469monarch
17%
470money
17%
495nest
17%
499ninja
17%
500ninja turtle
17%
511orchard
17%
512ore
17%
518oxygen
17%
519ozone
17%
521painter
17%
531parachute
17%
534parrot
17%
538peacock
17%
542pegasus
17%
545penguin
17%
547perfume
17%
555pigeon
17%
557pilot
17%
561pirate
17%
563pitchfork
17%
564pizza
17%
566plankton
17%
569platypus
17%
570plow
17%
578potter
17%
579pottery
17%
583prism
17%
587pumpkin
17%
591quicksilver
17%
593rabbit
17%
598rat
17%
600reed
17%
611roe
17%
619sack
17%
623sailboat
17%
624sailor
17%
629sand castle
17%
636sap
17%
643scuba tank
17%
659shovel
17%
662silo
17%
664skeleton
17%
665ski goggles
17%
668skyscraper
17%
676smoothie
17%
687soil
17%
691sound
17%
693space station
17%
704statue
17%
705steak
17%
707steam engine
17%
723sunglasses
17%
726sushi
17%
735tablet
17%
737tank
17%
739tea
17%
740telescope
17%
742tent
17%
744thermometer
17%
746thread
17%
749titanic
17%
753toolbox
17%
756tractor
17%
759treasure
17%
760treasure map
17%
769tyrannosaurus rex
17%
771umbrella
17%
788vulture
17%
791wand
17%
799waterfall
17%
802web
17%
820wool
17%
824yeti
17%
14alpaca
13%
26aquarium
13%
29arctic
13%
35astronomer
13%
39avalanche
13%
49banana
13%
50banana bread
13%
57batter
13%
58battery
13%
60bbq
13%
64beehive
13%
65beekeeper
13%
67bell
13%
78blood
13%
79blood bag
13%
96bulletproof vest
13%
102butterfly net
13%
103cable car
13%
113cannon
13%
116caramel
13%
117carbon dioxide
13%
123catnip
13%
139chicken soup
13%
140chicken wing
13%
150circus
13%
158coconut
13%
159coconut milk
13%
160coffin
13%
162combustion engine
13%
164computer mouse
13%
172cookie cutter
13%
174coral
13%
178cotton candy
13%
180crayon
13%
184cuckoo
13%
187current
13%
191cyclist
13%
192Cyclops
13%
201dew
13%
205diver
13%
210doghouse
13%
214donut
13%
234egg timer
13%
235electric car
13%
241email
13%
247excalibur
13%
248excavator
13%
250fabric
13%
251factory
13%
257farmer
13%
264fire extinguisher
13%
266fireplace
13%
270fireworks
13%
272fishing rod
13%
274flashlight
13%
276flour
13%
278flute
13%
280flying squirrel
13%
287fountain
13%
289fox
13%
292fridge
13%
296fruit tree
13%
301gardener
13%
315gnome
13%
321granite
13%
331grilled cheese
13%
335gust
13%
340hammer
13%
341hamster
13%
347heaven
13%
367hummingbird
13%
370Hydra
13%
374ice sculpture
13%
379immortality
13%
385jam
13%
387jerky
13%
396katana
13%
398kite
13%
402Kraken
13%
410lava lamp
13%
412lawn mower
13%
416lens
13%
417letter
13%
418librarian
13%
431log cabin
13%
437magic
13%
439magma
13%
441mailbox
13%
458meteoroid
13%
459microscope
13%
465mirror
13%
471monkey
13%
476moth
13%
487mummy
13%
489musician
13%
493needle
13%
497newspaper
13%
506omelette
13%
513organic matter
13%
522painting
13%
525palm
13%
533park
13%
536Paul Bunyan
13%
539peanut butter
13%
546penicillin
13%
552picnic
13%
558pinocchio
13%
560piranha
13%
562pirate ship
13%
577potato
13%
597rainforest
13%
599recipe
13%
601reindeer
13%
612roller coaster
13%
615ruins
13%
617rust
13%
618rv
13%
620saddle
13%
626salt
13%
635santa
13%
638scalpel
13%
639scarecrow
13%
647seahorse
13%
648seal
13%
649seaplane
13%
650seasickness
13%
654sewing machine
13%
657sheet music
13%
663skateboard
13%
670sloth
13%
672smartphone
13%
681snowboard
13%
682snowboarder
13%
684snowmobile
13%
685soap
13%
695spaghetti
13%
701squirrel
13%
721sundial
13%
724supernova
13%
728sweater
13%
747tide
13%
750toast
13%
762treehouse
13%
772unicorn
13%
774vacuum cleaner
13%
779vault
13%
783vine
13%
789wagon
13%
793warrior
13%
797water lily
13%
806wild boar
13%
822wrapping paper
13%
823writer
13%
828Ziz
13%
3Aegis
10%
4Aeolus
10%
27archeologist
10%
44Babe the Blue Ox
10%
45bacon
10%
51bandage
10%
55barrel
10%
86bottle
10%
88bow
10%
92bridge
10%
94bucket
10%
112candy cane
10%
119cart
10%
131chameleon
10%
144Chinese Dragon
10%
147christmas stocking
10%
148christmas tree
10%
154closet
10%
165confetti
10%
170cookbook
10%
185cup
10%
189cutting board
10%
209doge
10%
218drone
10%
221dry ice
10%
228dynamite
10%
239Elf
10%
240Elixir of Life
10%
245eruption
10%
258Father Time
10%
259faun
10%
260fence
10%
261Fenrir
10%
267firestation
10%
269firewall
10%
281fog
10%
288Fountain of Youth
10%
291french fries
10%
302Gargoyle
10%
303Garuda
10%
306geyser
10%
308Giant
10%
309gift
10%
317Goblin
10%
328Gremlin
10%
348hedge
10%
351hell
10%
357Holy Water
10%
359horizon
10%
361horseshoe
10%
364hourglass
10%
369husky
10%
375iceberg
10%
382ivy
10%
383jack-o-lantern
10%
386jar
10%
393kaiju
10%
395Kappa
10%
408lasso
10%
445maple syrup
10%
448marshmallows
10%
451mayonnaise
10%
462Mimic
10%
463mineral
10%
475moss
10%
491Necromancer
10%
492Necronomicon
10%
494nessie
10%
503obsidian
10%
514origami
10%
517owl
10%
527Pandora's Box
10%
529paper airplane
10%
530paper cup
10%
544pencil sharpener
10%
548petroleum
10%
556piggy bank
10%
574popsicle
10%
575Poseidon
10%
582printer
10%
584Prometheus
10%
585pterodactyl
10%
596Rainbow Serpent
10%
602restaurant
10%
607robot vacuum
10%
622safety glasses
10%
627samurai
10%
632sandstone
10%
658shipwreck
10%
660shuriken
10%
666skier
10%
669sleigh
10%
675smoke signal
10%
680snowball
10%
686soda
10%
700sprinkles
10%
710steel wool
10%
711stethoscope
10%
716string phone
10%
734syringe
10%
736tailor
10%
741Tengu
10%
755toucan
10%
758trainyard
10%
764troll
10%
766tunnel
10%
784vinegar
10%
811windsurfer
10%
809wind turbine
10%
819woodpecker
10%
19Ankh
7%
24Apple of Discord
7%
32arrow
7%
40aviary
7%
42Baast
7%
43Baba Yaga
7%
53Banshee
7%
70binoculars
7%
72birdcage
7%
73birdhouse
7%
83bonsai tree
7%
85Book of the Dead
7%
97Bunyip
7%
108Camazotz
7%
128cereal
7%
132Chang'e
7%
133Changeling
7%
142Chimera
7%
149cigarette
7%
183Cthulhu
7%
186Cupid
7%
188Curse
7%
204Dionysus
7%
206Djinn
7%
212Domovoi
7%
222Dryad
7%
226Durendal
7%
232eclipse
7%
244Epona
7%
252Faerie
7%
285fortune cookie
7%
305Gashadokuro
7%
326Green Man
7%
330Griffin
7%
349hedgehog
7%
352Hellhound
7%
356Holy Grail
7%
376iced tea
7%
384Jackalope
7%
388Jiangshi
7%
389Jörmungandr
7%
390Jötunn
7%
394Kanabō
7%
397Kelpie
7%
399Kitsune
7%
403Krampus
7%
434Maahes
7%
438Magic Lamp
7%
446Mara
7%
449Maui
7%
450Maui's Fishhook
7%
467Mjölnir
7%
474moon rover
7%
480Mount Olympus
7%
485mousetrap
7%
490narwhal
7%
507Oni
7%
508Ooze
7%
509optical fiber
7%
516Ouroboros
7%
523Paladin
7%
524paleontologist
7%
526pan flute
7%
532paraglider
7%
537Peach of Immortality
7%
549Philosopher's Stone
7%
559pipe
7%
589Quetzalcoatl
7%
590quicksand
7%
616ruler
7%
625salamander
7%
630Sandman
7%
631sandpaper
7%
653Selkie
7%
717stun gun
7%
720Sun Wukong
7%
745Thor
7%
751tobacco
7%
763trojan horse
7%
775Valhalla
7%
776Valkyrie
7%
785Vodyanoy
7%
787Vulcan
7%
798water pipe
7%
807Will-o'-the-Wisp
7%
817Wolpertinger
7%
821World Turtle
7%
825Yggdrasil
7%
107Calydonian Boar
3%
157Cockatrice
3%
176Cosmic Egg
3%
477Mothman
3%
703starfish
3%
738Tawaret
3%

Score Distribution

Percentile by Number Answered

Percent of People with Each Score

Your Score History

You have not taken this quiz